01467nam a2200373Ia 4500001001200000003000800012006001900020007001500039008004100054010001700095020001500112020001800127020001800145040002100163035002100184050002400205082001600229100001800245245015600263246005400419260006900473300001600542490002100558504005400579533015200633650003700785650003900822655002900861700001800890710001700908830002500925856012600950999001701076ebr10684322CaPaEBRm u cr cn|||||||||011025s2002 dcu sb 000 0 eng d z 2001097389 z0883851687 z9780883851685 z9781614443131 aCaPaEBRcCaPaEBR a(OCoLC)79455826114aQA11.2b.D45 2002eb04a510/.712211 aDelong, Matt.10aLearning to teach and teaching to learn mathematicsh[electronic resource] :bresources for professional development /cby Matthew Delong, Dale Winter.14aLearning to teach & teaching to learn mathematics a[Washington, DC] :bMathematical Association of America,cc2002. axiv, 270 p.1 aMAA notes ;v#57 aIncludes bibliographical references (p. 265-270). aElectronic reproduction.bPalo Alto, Calif. :cebrary,d2013.nAvailable via World Wide Web.nAccess may be limited to ebrary affiliated libraries. 0aMathematicsxStudy and teaching. 0aMathematics teachersxTraining of. 7aElectronic books.2local1 aWinter, Dale.2 aebrary, Inc. 0aMAA notes ;vno. 57.40uhttp://site.ebrary.com/lib/rucke/Doc?id=10684322zAn electronic book accessible through the World Wide Web; click to view c31870d31870